01047nam a2200217 a 450000100080000000500110000800800410001910000230006024501060008326001240018930000140031349000480032752003030037565000260067865000230070465300090072765300240073665300240076065300260078465300190081021750762025-04-24 1988 bl uuuu u00u1 u #d1 aOLIVEIRA, V. H. de aRumos da pesquisa agropecuária no trópico úmido brasileirobo caso do Acre.h[electronic resource] aIn: SEMINÁRIO AGROPECUÁRIO DO ACRE, 2., 1986, Rio Branco, AC. Anais... Rio Branco, AC: Embrapa-UEPAE Rio Brancoc1988 ap. 33-38. a(Embrapa-UEPAE Rio Branco. Documentos, 10). aApesar de contar com vastos recursos naturais, esta região tem sido pouco aproveitada principalmente pela insuficiência de conhecimentos básicos a respeito. Este pouco aproveitamento, regra geral, tem-se dado de forma desordenada e sem o mínimo de respeito às mais elementares leis ambientais. aAgricultural research aPesquisa Agrícola aAcre aAmazonia Occidental aAmazônia Ocidental aInvestigacion agraria aWestern Amazon